Turn Off, Live On : (Record no. 4979)
[ view plain ]
| 000 -LEADER | |
|---|---|
| fixed length control field | 01237nam a22002297a 4500 |
| 001 - CONTROL NUMBER | |
| control field | 4979 |
| 003 - CONTROL NUMBER IDENTIFIER | |
| control field | FISKH |
| 005 - DATE AND TIME OF LATEST TRANSACTION | |
| control field | 20241030111515.0 |
| 008 - FIXED-LENGTH DATA ELEMENTS--GENERAL INFORMATION | |
| fixed length control field | 241030b cb ||||| |||| 00| 0 eng d |
| 020 ## - INTERNATIONAL STANDARD BOOK NUMBER | |
| International Standard Book Number | 9781526361820 |
| 040 ## - CATALOGING SOURCE | |
| Original cataloging agency | FISKH |
| Language of cataloging | eng |
| Transcribing agency | FISKH |
| Modifying agency | FISKH |
| 082 ## - DEWEY DECIMAL CLASSIFICATION NUMBER | |
| Classification number | 302.23 |
| 100 ## - MAIN ENTRY--PERSONAL NAME | |
| Personal name | Vincent, Vincent |
| 245 ## - TITLE STATEMENT | |
| Title | Turn Off, Live On : |
| Remainder of title | 75 clever ways to switch offline, boost your confidence and unleash your creativity! / |
| Statement of responsibility, etc. | by Vincent Vincent |
| 250 ## - EDITION STATEMENT | |
| Edition statement | First published in 2019 |
| 260 ## - PUBLICATION, DISTRIBUTION, ETC. | |
| Place of publication, distribution, etc. | Wren & Rook : |
| Name of publisher, distributor, etc. | London ; |
| Date of publication, distribution, etc. | 2019. |
| 300 ## - PHYSICAL DESCRIPTION | |
| Extent | 159 pages : |
| Other physical details | illustrations ; |
| Dimensions | 19 cm . |
| 520 ## - SUMMARY, ETC. | |
| Summary, etc. | Do you know someone who is addicted to their phone? Online life can be overwhelming - often leaving us feeling anxious or lacking in confidence. With 75 ways to switch offline, unleash your creativity, boost your brain cells and find your inner unicorn, this interactive journal is the ultimate remedy. Brimming with clever activities, mind-bending puzzles, life hacks and relaxation techniques, Turn Off, Live On will have you being more mindful, more confident and more you. So turn off the tech and start living in the here and now. |
| 700 ## - ADDED ENTRY--PERSONAL NAME | |
| Personal name | Horsley, Laura |
| Relator term | Senior Editor |
| 942 ## - ADDED ENTRY ELEMENTS (KOHA) | |
| Source of classification or shelving scheme | Dewey Decimal Classification |
| Koha item type | Books |
| Suppress in OPAC | No |
| Withdrawn status | Lost status | Source of classification or shelving scheme | Damaged status | Not for loan | Collection | Home library | Current library | Shelving location | Date acquired | Total Checkouts | Full call number | Barcode | Date last seen | Copy number | Price effective from | Koha item type | Public note |
|---|---|---|---|---|---|---|---|---|---|---|---|---|---|---|---|---|---|
| Dewey Decimal Classification | Non-Fiction | Footprints International School Library Network Toul Tom Poung Campus | Footprints International School Library Network Toul Tom Poung Campus | TTP Secondary Non-Fiction Bookshelves | 10/30/2024 | VIN 302.23 | FIS02019 | 10/30/2024 | 1 | 10/30/2024 | Books | Fake ( 20.04.2026) | |||||
| Dewey Decimal Classification | Non-Fiction | Footprints International School Library Network Toul Tom Poung Campus | Footprints International School Library Network Toul Tom Poung Campus | TTP Secondary Non-Fiction Bookshelves | 10/30/2024 | VIN 302.23 | FISSE02672 | 11/05/2024 | 2 | 10/30/2024 | Books |
